000
00327pab a2200133 454500
008
180718b xxu||||| |||| 00| 0 eng d
100
_a
Sreenivasan K.
245
_a
Restructuring of the railways
362
_a
2 Nov 1994, p.1
650
_a
Railways -- India
650
_a
Rail Roads -- India
773
_a
Hindu
909
_a
28014
999
_c
28014
_d
28014